|
|
|
|
| LEADER |
00000nab a2200000 ar4500 |
| 001 |
vtls009457768 |
| 003 |
SK-MaSNL |
| 005 |
20260303203709.0 |
| 008 |
180911c2008 xo br|p|r|||||000 b|slo |
| 015 |
|
|
|a SNBRB2008/12
|
| 038 |
|
|
|a PPPKCL
|
| 040 |
|
|
|a PPPKCL
|b slo
|c PPPK
|e AACR2
|
| 041 |
0 |
|
|a slo
|
| 044 |
|
|
|a xo
|c SK
|
| 080 |
|
|
|a 599.742.21"324"
|x (234.372.4)
|2 2001
|
| 245 |
0 |
0 |
|a Priskorý budíček
|c [autor] - tah -
|
| 650 |
0 |
7 |
|a fauna
|2 SNKPH
|9 3748
|
| 650 |
0 |
7 |
|a medveď hnedý
|2 SNKPH
|9 30209
|
| 650 |
0 |
7 |
|a živočíšne populácie
|2 SNKPH
|9 70903
|
| 650 |
0 |
7 |
|a zimný spánok
|2 SNKPH
|9 1033884
|
| 650 |
0 |
7 |
|a zimovanie
|2 SNKPH
|9 833766
|
| 651 |
|
7 |
|a Vysoké Tatry (Poľsko a Slovensko : pohorie)
|2 SNKPHgeo
|9 67729
|
| 651 |
|
7 |
|a Tatranský národný park (Slovensko)
|2 SNKPHgeo
|9 106968
|
| 773 |
0 |
|
|t Tatry : dvojmesačník štátnych lesov Tatranského národného parku v Tatranskej Lomnici
|g Roč.XXXXVI, č. 2 (2008), s. 7
|x 1335-6828
|
| 852 |
|
|
|a PPPK
|b KIS3GCP
|
| 999 |
|
|
|c 2186719
|d 2188649
|